Surnoms des clubs de Premier League (2021-2022) - Statistiques

Statistiques générales
  • Ce quiz a été pris 2 799 fois
  • Le résultat moyen est 10 sur 20
Statistiques - réponses
Équipe Surnom % Correct
Chelsea FC the Blues
93%
Liverpool FC the Reds
90%
Manchester United the Red Devils
89%
Arsenal FC the Gunners
84%
West Ham United the Hammers
79%
Tottenham Hotspurs the Spurs
77%
Wolverhampton Wanderers the Wolves
71%
Leicester City the Foxes
66%
Manchester City the Citizens
60%
Aston Villa the Villans
47%
Newcastle United the Magpies
44%
Brentford FC the Bees
41%
Crystal Palace the Eagles
39%
Everton FC the Toffees
35%
Southampton FC the Saints
26%
Brighton & Hove Albion the Seagulls
26%
Norwich City the Canaries
20%
Watford FC the Hornets
12%
Leeds United the Peacocks
11%
Burnley FC the Clarets
10%
Aucun quiz correspondant
Distribution des résultats
% des personnes avec chaque résultat
Percentile par nombre de réponses
Votre historique - résultats
Vous n’avez pas pris ce quiz